Ιπποκράτης άπαντα

Αποθηκεύτηκε σε:
Λεπτομέρειες βιβλιογραφικής εγγραφής
Κύριος συγγραφέας: Ιπποκράτης, π. 460-π. 377
Άλλοι συγγραφείς: Κοντομέρκος, Τάσος (Επιμελητής έκδοσης), Μανδηλαράς, Βασίλειος Γ., 1933- (Μεταφραστής)
Μορφή: Βιβλίο
Γλώσσα:Ancient Greek
Greek
Δημοσίευση: Αθήνα : Κάκτος, 1992-1994.
Σειρά:Έλληνες (Εκδόσεις Κάκτος) 93-109
Θέματα:
Ετικέτες: Προσθήκη ετικέτας
Δεν υπάρχουν, Καταχωρήστε ετικέτα πρώτοι!

MARC

LEADER 00000cam a2200000 i 4500
001 1/15649
008 980522m19921994gr | ||| |||| ||grc||
035 |l 10019909 
040 |a GR-MyUA  |b gre  |e AACR2 
041 1 |a grc  |a gre 
082 0 |a 610.901 
100 0 |a Ιπποκράτης,   |d π. 460-π. 377. 
245 1 0 |a Ιπποκράτης άπαντα /   |c Ιπποκράτης ; εισαγωγή - μετάφραση - σχόλια Βασίλειος Μανδηλαράς ; ιατρική επιμέλεια Τάσος Κοντομέρκος.  
260 |a Αθήνα :   |b Κάκτος,   |c 1992-1994.  
300 |a 17 τ. ;   |c 21 εκ.  
490 1 |a (Οι Έλληνες   |v ; 93-109) 
505 0 |a Τ. 1. Γενική ιατρική -- τ. 2. Προληπτική ιατρική -- τ. 3. Παθολογία - οφθαλμολογία -- τ. 4. Ανατομία - φυσιολογία -- τ. 5. Διαιτητική - θεραπευτική 1 -- τ. 6. Διαιτητική - θεραπευτική 2 -- τ. 7. Γυναικολογία 1 -- τ. 8. Γυναικολογία 2 -- τ. 9. Γυναικολογία 3 -- τ. 10. Μαιευτική - εβρυολογία -- τ. 11. Χειρουργική -- τ. 12. Ορθοπεδική -- τ. 13. Επιδημίες 1 -- τ. 14. Επιδημίες 2 -- τ. 15. Περί ασθενειών -- τ. 16. Παθήσεις - επιληψία -- τ. 17. Επιστολαί.  
600 0 0 |a Ιπποκράτης,   |d π. 460-π. 377. 
650 0 0 |a Medicine, Ancient. 
650 0 0 |a Medicine, Greek and Roman. 
700 1 |a Κοντομέρκος, Τάσος,  |e edt 
700 1 |a Μανδηλαράς, Βασίλειος Γ.,   |d 1933-  |e trl 
740 0 2 |a Γενική ιατρική 
740 0 2 |a Προληπτική ιατρική 
740 0 2 |a Παθολογία - οφθαλμολογία 
740 0 2 |a Ανατομία - φυσιολογία 
740 0 2 |a Διαιτητική - θεραπευτική 
740 0 2 |a Γυναικολογία 
740 0 2 |a Μαιευτική - εβρυολογία 
740 0 2 |a Χειρουργική 
740 0 2 |a Ορθοπεδική 
740 0 2 |a Επιδημίες 
740 0 2 |a Περί ασθενειών 
740 0 2 |a Παθήσεις - επιληψία 
740 0 2 |a Επιστολαί 
830 0 |a Έλληνες (Εκδόσεις Κάκτος)  |v  93-109 
852 |a INST  |b LESVOS  |e 19980707  |h 610.901 ΙΠΠ  |p 005100013881  |q 005100013881  |t BK  |y 0  |z τ.17 
852 |a INST  |b LESVOS  |e 19980707  |h 610.901 ΙΠΠ  |p 005100013882  |q 005100013882  |t BK  |y 0  |z τ.15 
852 |a INST  |b LESVOS  |e 19980707  |h 610.901 ΙΠΠ  |p 005100013883  |q 005100013883  |t BK  |y 0  |z τ.16 
852 |a INST  |b LESVOS  |e 19980707  |h 610.901 ΙΠΠ  |p 005100013884  |q 005100013884  |t BK  |y 0  |z τ.14 
852 |a INST  |b LESVOS  |e 19980707  |h 610.901 ΙΠΠ  |p 005100013885  |q 005100013885  |t BK  |y 0  |z τ.13 
852 |a INST  |b LESVOS  |e 19980707  |h 610.901 ΙΠΠ  |p 005100013886  |q 005100013886  |t BK  |y 0  |z τ.12 
852 |a INST  |b LESVOS  |e 19980707  |h 610.901 ΙΠΠ  |p 005100013887  |q 005100013887  |t BK  |y 0  |z τ.11 
852 |a INST  |b LESVOS  |e 19980707  |h 610.901 ΙΠΠ  |p 005100013888  |q 005100013888  |t BK  |y 0  |z τ.10 
852 |a INST  |b LESVOS  |e 19980707  |h 610.901 ΙΠΠ  |p 005100013889  |q 005100013889  |t BK  |y 0  |z τ.9 
852 |a INST  |b LESVOS  |e 19980707  |h 610.901 ΙΠΠ  |p 005100013890  |q 005100013890  |t BK  |y 0  |z τ.8 
852 |a INST  |b LESVOS  |e 19980707  |h 610.901 ΙΠΠ  |p 005100013891  |q 005100013891  |t BK  |y 0  |z τ.7 
852 |a INST  |b LESVOS  |e 19980707  |h 610.901 ΙΠΠ  |p 005100013892  |q 005100013892  |t BK  |y 0  |z τ.6 
852 |a INST  |b LESVOS  |e 19980707  |h 610.901 ΙΠΠ  |p 005100013893  |q 005100013893  |t BK  |y 0  |z τ.5 
852 |a INST  |b LESVOS  |e 19980707  |h 610.901 ΙΠΠ  |p 005100013894  |q 005100013894  |t BK  |y 0  |z τ.4 
852 |a INST  |b LESVOS  |e 19980707  |h 610.901 ΙΠΠ  |p 005100013895  |q 005100013895  |t BK  |y 0  |z τ.3 
852 |a INST  |b LESVOS  |e 19980707  |h 610.901 ΙΠΠ  |p 005100013896  |q 005100013896  |t BK  |y 0  |z τ.2 
852 |a INST  |b LESVOS  |e 19980522  |h 610.901 ΙΠΠ  |p 005100013897  |q 005100013897  |t BK  |y 0  |z τ.1 
852 |a INST  |b LESVOS  |e 19991220  |h 610.901 ΙΠΠ  |p 005100022374  |q 005100022374  |t BK  |y 0  |z τ.17 
852 |a INST  |b LESVOS  |e 19991220  |h 610.901 ΙΠΠ  |p 005100022375  |q 005100022375  |t BK  |y 0  |z τ.16 
852 |a INST  |b LESVOS  |e 19991220  |h 610.901 ΙΠΠ  |p 005100022376  |q 005100022376  |t BK  |y 0  |z τ.15 
852 |a INST  |b LESVOS  |e 19991220  |h 610.901 ΙΠΠ  |p 005100022377  |q 005100022377  |t BK  |y 0  |z τ.14 
852 |a INST  |b LESVOS  |e 19991220  |h 610.901 ΙΠΠ  |p 005100022378  |q 005100022378  |t BK  |y 0  |z τ.13 
852 |a INST  |b LESVOS  |e 19991220  |h 610.901 ΙΠΠ  |p 005100022379  |q 005100022379  |t BK  |y 0  |z τ.12 
852 |a INST  |b LESVOS  |e 19991217  |h 610.901 ΙΠΠ  |p 005100022380  |q 005100022380  |t BK  |y 0  |z τ.11 
852 |a INST  |b LESVOS  |e 19991217  |h 610.901 ΙΠΠ  |p 005100022381  |q 005100022381  |t BK  |y 0  |z τ.10 
852 |a INST  |b LESVOS  |e 19991217  |h 610.901 ΙΠΠ  |p 005100022382  |q 005100022382  |t BK  |y 0  |z τ.1 
852 |a INST  |b LESVOS  |e 19991217  |h 610.901 ΙΠΠ  |p 005100022383  |q 005100022383  |t BK  |y 0  |z τ.2 
852 |a INST  |b LESVOS  |e 19991217  |h 610.901 ΙΠΠ  |p 005100022384  |q 005100022384  |t BK  |y 0  |z τ.3 
852 |a INST  |b LESVOS  |e 19991217  |h 610.901 ΙΠΠ  |p 005100022385  |q 005100022385  |t BK  |y 0  |z τ.4 
852 |a INST  |b LESVOS  |e 19991217  |h 610.901 ΙΠΠ  |p 005100022386  |q 005100022386  |t BK  |y 0  |z τ.5 
852 |a INST  |b LESVOS  |e 19991217  |h 610.901 ΙΠΠ  |p 005100022387  |q 005100022387  |t BK  |y 0  |z τ.6 
852 |a INST  |b LESVOS  |e 19991217  |h 610.901 ΙΠΠ  |p 005100022388  |q 005100022388  |t BK  |y 0  |z τ.7 
852 |a INST  |b LESVOS  |e 19991217  |h 610.901 ΙΠΠ  |p 005100022389  |q 005100022389  |t BK  |y 0  |z τ.8 
852 |a INST  |b LESVOS  |e 19991217  |h 610.901 ΙΠΠ  |p 005100022390  |q 005100022390  |t BK  |y 0  |z τ.9 
852 |a INST  |b LESVOS  |e 19980707  |h 610.901 ΙΠΠ  |p 005100013881  |q 005100013881  |t BK  |v τ.17:  |y 0  |z τ.17 
852 |a INST  |b LESVOS  |e 19980707  |h 610.901 ΙΠΠ  |p 005100013882  |q 005100013882  |t BK  |v τ.15:  |y 0  |z τ.15 
852 |a INST  |b LESVOS  |e 19980707  |h 610.901 ΙΠΠ  |p 005100013883  |q 005100013883  |t BK  |v τ.16:  |y 0  |z τ.16 
852 |a INST  |b LESVOS  |e 19980707  |h 610.901 ΙΠΠ  |p 005100013884  |q 005100013884  |t BK  |v τ.14:  |y 0  |z τ.14 
852 |a INST  |b LESVOS  |e 19980707  |h 610.901 ΙΠΠ  |p 005100013885  |q 005100013885  |t BK  |v τ.13:  |y 0  |z τ.13 
852 |a INST  |b LESVOS  |e 19980707  |h 610.901 ΙΠΠ  |p 005100013886  |q 005100013886  |t BK  |v τ.12:  |y 0  |z τ.12 
852 |a INST  |b LESVOS  |e 19980707  |h 610.901 ΙΠΠ  |p 005100013887  |q 005100013887  |t BK  |v τ.11:  |y 0  |z τ.11 
852 |a INST  |b LESVOS  |e 19980707  |h 610.901 ΙΠΠ  |p 005100013888  |q 005100013888  |t BK  |v τ.10:  |y 0  |z τ.10 
852 |a INST  |b LESVOS  |e 19980707  |h 610.901 ΙΠΠ  |p 005100013889  |q 005100013889  |t BK  |v τ.9:  |y 0  |z τ.9 
852 |a INST  |b LESVOS  |e 19980707  |h 610.901 ΙΠΠ  |p 005100013890  |q 005100013890  |t BK  |v τ.8:  |y 0  |z τ.8 
852 |a INST  |b LESVOS  |e 19980707  |h 610.901 ΙΠΠ  |p 005100013891  |q 005100013891  |t BK  |v τ.7:  |y 0  |z τ.7 
852 |a INST  |b LESVOS  |e 19980707  |h 610.901 ΙΠΠ  |p 005100013892  |q 005100013892  |t BK  |v τ.6:  |y 0  |z τ.6 
852 |a INST  |b LESVOS  |e 19980707  |h 610.901 ΙΠΠ  |p 005100013893  |q 005100013893  |t BK  |v τ.5:  |y 0  |z τ.5 
852 |a INST  |b LESVOS  |e 19980707  |h 610.901 ΙΠΠ  |p 005100013894  |q 005100013894  |t BK  |v τ.4:  |y 0  |z τ.4 
852 |a INST  |b LESVOS  |e 19980707  |h 610.901 ΙΠΠ  |p 005100013895  |q 005100013895  |t BK  |v τ.3:  |y 0  |z τ.3 
852 |a INST  |b LESVOS  |e 19980707  |h 610.901 ΙΠΠ  |p 005100013896  |q 005100013896  |t BK  |v τ.2:  |y 0  |z τ.2 
852 |a INST  |b LESVOS  |e 19980522  |h 610.901 ΙΠΠ  |p 005100013897  |q 005100013897  |t BK  |v τ.1:  |y 0  |z τ.1 
852 |a INST  |b LESVOS  |e 19991220  |h 610.901 ΙΠΠ  |p 005100022374  |q 005100022374  |t BK  |v τ.17:  |y 0  |z τ.17 
852 |a INST  |b LESVOS  |e 19991220  |h 610.901 ΙΠΠ  |p 005100022375  |q 005100022375  |t BK  |v τ.16:  |y 0  |z τ.16 
852 |a INST  |b LESVOS  |e 19991220  |h 610.901 ΙΠΠ  |p 005100022376  |q 005100022376  |t BK  |v τ.15:  |y 0  |z τ.15 
852 |a INST  |b LESVOS  |e 19991220  |h 610.901 ΙΠΠ  |p 005100022377  |q 005100022377  |t BK  |v τ.14:  |y 0  |z τ.14 
852 |a INST  |b LESVOS  |e 19991220  |h 610.901 ΙΠΠ  |p 005100022378  |q 005100022378  |t BK  |v τ.13:  |y 0  |z τ.13 
852 |a INST  |b LESVOS  |e 19991220  |h 610.901 ΙΠΠ  |p 005100022379  |q 005100022379  |t BK  |v τ.12:  |y 0  |z τ.12 
852 |a INST  |b LESVOS  |e 19991217  |h 610.901 ΙΠΠ  |p 005100022380  |q 005100022380  |t BK  |v τ.11:  |y 0  |z τ.11 
852 |a INST  |b LESVOS  |e 19991217  |h 610.901 ΙΠΠ  |p 005100022381  |q 005100022381  |t BK  |v τ.10:  |y 0  |z τ.10 
852 |a INST  |b LESVOS  |e 19991217  |h 610.901 ΙΠΠ  |p 005100022382  |q 005100022382  |t BK  |v τ.1:  |y 0  |z τ.1 
852 |a INST  |b LESVOS  |e 19991217  |h 610.901 ΙΠΠ  |p 005100022383  |q 005100022383  |t BK  |v τ.2:  |y 0  |z τ.2 
852 |a INST  |b LESVOS  |e 19991217  |h 610.901 ΙΠΠ  |p 005100022384  |q 005100022384  |t BK  |v τ.3:  |y 0  |z τ.3 
852 |a INST  |b LESVOS  |e 19991217  |h 610.901 ΙΠΠ  |p 005100022385  |q 005100022385  |t BK  |v τ.4:  |y 0  |z τ.4 
852 |a INST  |b LESVOS  |e 19991217  |h 610.901 ΙΠΠ  |p 005100022386  |q 005100022386  |t BK  |v τ.5:  |y 0  |z τ.5 
852 |a INST  |b LESVOS  |e 19991217  |h 610.901 ΙΠΠ  |p 005100022387  |q 005100022387  |t BK  |v τ.6:  |y 0  |z τ.6 
852 |a INST  |b LESVOS  |e 19991217  |h 610.901 ΙΠΠ  |p 005100022388  |q 005100022388  |t BK  |v τ.7:  |y 0  |z τ.7 
852 |a INST  |b LESVOS  |e 19991217  |h 610.901 ΙΠΠ  |p 005100022389  |q 005100022389  |t BK  |v τ.8:  |y 0  |z τ.8 
852 |a INST  |b LESVOS  |e 19991217  |h 610.901 ΙΠΠ  |p 005100022390  |q 005100022390  |t BK  |v τ.9:  |y 0  |z τ.9 
852 |a INST  |b RHODES  |c KRI  |e 20060214  |h  610.901 ΙΠΠ  |p 005400021335  |q 005400021335  |t BK  |v τ.17:  |y 0  |z τ.17 
852 |a INST  |b RHODES  |c KRI  |e 20060214  |h  610.901 ΙΠΠ  |p 005400021336  |q 005400021336  |t BK  |v τ.16:  |y 0  |z τ.16 
852 |a INST  |b RHODES  |c KRI  |e 20060214  |h  610.901 ΙΠΠ  |p 005400021337  |q 005400021337  |t BK  |v τ.15:  |y 0  |z τ.15 
852 |a INST  |b RHODES  |c KRI  |e 20060214  |h  610.901 ΙΠΠ  |p 005400021338  |q 005400021338  |t BK  |v τ.14:  |y 0  |z τ.14 
852 |a INST  |b RHODES  |c KRI  |e 20060214  |h  610.901 ΙΠΠ  |p 005400021339  |q 005400021339  |t BK  |v τ.13:  |y 0  |z τ.13 
852 |a INST  |b RHODES  |c KRI  |e 20060214  |h  610.901 ΙΠΠ  |p 005400021340  |q 005400021340  |t BK  |v τ.12:  |y 0  |z τ.12 
852 |a INST  |b RHODES  |c KRI  |e 20060214  |h  610.901 ΙΠΠ  |p 005400021341  |q 005400021341  |t BK  |v τ.11:  |y 0  |z τ.11 
852 |a INST  |b RHODES  |c KRI  |e 20060214  |h  610.901 ΙΠΠ  |p 005400021342  |q 005400021342  |t BK  |v τ.10:  |y 0  |z τ.10 
852 |a INST  |b RHODES  |c KRI  |e 20060214  |h  610.901 ΙΠΠ  |p 005400021343  |q 005400021343  |t BK  |v τ.9:  |y 0  |z τ.9 
852 |a INST  |b RHODES  |c KRI  |e 20060214  |h  610.901 ΙΠΠ  |p 005400021344  |q 005400021344  |t BK  |v τ.8:  |y 0  |z τ.8 
852 |a INST  |b RHODES  |c KRI  |e 20060214  |h  610.901 ΙΠΠ  |p 005400021345  |q 005400021345  |t BK  |v τ.7:  |y 0  |z τ.7 
852 |a INST  |b RHODES  |c KRI  |e 20060214  |h  610.901 ΙΠΠ  |p 005400021346  |q 005400021346  |t BK  |v τ.6:  |y 0  |z τ.6 
852 |a INST  |b RHODES  |c KRI  |e 20060214  |h  610.901 ΙΠΠ  |p 005400021347  |q 005400021347  |t BK  |v τ.5:  |y 0  |z τ.5 
852 |a INST  |b RHODES  |c KRI  |e 20060214  |h  610.901 ΙΠΠ  |p 005400021348  |q 005400021348  |t BK  |v τ.4:  |y 0  |z τ.4 
852 |a INST  |b RHODES  |c KRI  |e 20060214  |h  610.901 ΙΠΠ  |p 005400021349  |q 005400021349  |t BK  |v τ.3:  |y 0  |z τ.3 
852 |a INST  |b RHODES  |c KRI  |e 20060214  |h  610.901 ΙΠΠ  |p 005400021350  |q 005400021350  |t BK  |v τ.2:  |y 0  |z τ.2 
852 |a INST  |b RHODES  |c KRI  |e 20060214  |h  610.901 ΙΠΠ  |p 005400021351  |q 005400021351  |t BK  |v τ.1:  |y 0  |z τ.1 
852 |a INST  |b SAMOS  |e 20170216  |h 610.901 ΙΠΠ  |p 005300044347  |q 005300044347  |t BK  |v τ.5:  |y 0 
853 |a INST  |b LESVOS  |h 610.901 ΙΠΠ 
853 |a INST  |b RHODES  |c KRI  |h  610.901 ΙΠΠ 
853 |a INST  |b SAMOS  |h 610.901 ΙΠΠ 
901 |a BIBL1-1998-2 
901 |a BIBL4-2006-1 
909 |a Λ  |b 056543 
909 |a Λ  |b 071958 
909 |a Λ  |b 056541 
909 |a Λ  |b 071957 
909 |a Λ  |b 056542 
909 |a Λ  |b 071956 
909 |a Λ  |b 056540 
909 |a Λ  |b 071955 
909 |a Λ  |b 056539 
909 |a Λ  |b 071954 
909 |a Λ  |b 056538 
909 |a Λ  |b 071953 
909 |a Λ  |b 056537 
909 |a Λ  |b 071952 
909 |a Λ  |b 056536 
909 |a Λ  |b 071951 
909 |a Λ  |b 056535 
909 |a Λ  |b 071950 
909 |a Λ  |b 056534 
909 |a Λ  |b 071949 
909 |a Λ  |b 056533 
909 |a Λ  |b 071948 
909 |a Λ  |b 056532 
909 |a Λ  |b 071947 
909 |a Λ  |b 056531 
909 |a Λ  |b 071946 
909 |a Λ  |b 056530 
909 |a Λ  |b 071945 
909 |a Λ  |b 056529 
909 |a Ρ  |b 123237 
909 |a Ρ  |b 123238 
909 |a Ρ  |b 123239 
909 |a Ρ  |b 123240 
909 |a Ρ  |b 123241 
909 |a Ρ  |b 123242 
909 |a Ρ  |b 123243 
909 |a Ρ  |b 123244 
909 |a Ρ  |b 123245 
909 |a Ρ  |b 123246 
909 |a Ρ  |b 123247 
909 |a Ρ  |b 123248 
909 |a Ρ  |b 123249 
909 |a Ρ  |b 123250 
909 |a Ρ  |b 123251 
909 |a Ρ  |b 123252 
909 |a Λ  |b 071942 
909 |a Λ  |b 071944 
909 |a Λ  |b 056528 
909 |a Λ  |b 071943 
909 |a Λ  |b 056527 
909 |a Λ  |b 071942 
909 |a Ρ  |b 123253 
922 |a 1ΕΛΗ  |b 199805  |c ΚΠΣ/ΤΓ  |d EMVASIS 
922 |a 1ΕΛΗ  |b 199912  |c ΤΑΚ/ΚΥΒ  |d ΠΑΠΑΣΩΤΗΡΙΟΥ 
950 |a 118-1998-03-23 
950 |a 023-1999-12-06